000 00298nam a2200133 4500
999 _c507861
_d507861
008 190227b ||||| |||| 00| 0 eng d
100 _aTripathi, S.C.
_92660
245 _aPolice reforms
260 _c2018
300 _ap.118-122.
773 _aDialogue
906 _aPolice
942 _2ddc
_cAR